00708nam a2200241Ia 4500003000900000008004100009040001300050040001300063041000800076100002000084245005200104250001000156260002100166260000900187300001100196300001000207490002100217490000700238710001400245942000700259999001700266952018300283IT-RoPAU120407s9999 xx 000 0 und d aIT-RoPAU cIT-RoPAU aita aJosef Schreiner aIntroduzione letteraria e teologica all’A. T. aRoma  aEdizioni Paoline c1982 a687 p. c19 cm aLa parola di Dio v22 ae collab. cBK c36378d36378 00102ddc406222_12220000000000071aPAULUSbPAULUSd2012-04-11l0o222.1222r2012-04-11 00:00:00w2012-04-11yBKzInserito da: In data: n.d. fondo: Via A.Severo 56 Progr:15797